Osnova na vypracovanie konkurenčného privatizačného projektu.

Súhrnný prehľad o spôsobe nadobudnutia majetku a záväzkoch podniku. Závery z ocenenia majetku. Závery k budúcemu usporiadaniu podniku. Časový plán uskutočnenia privatizačného projektu. Záverečné protokoly a formuláre.

Salvato in:
Dettagli Bibliografici
Natura: Capitolo di libro
Lingua:slovacco
Soggetti:
Tags: Aggiungi Tag
Nessun Tag, puoi essere il primo ad aggiungerne!!

MARC

LEADER 00000naa a2200000 4500
001 r006018
005 20221125080146.3
041 0 |a slo 
044 |a [CS] 
245 1 0 |a Osnova na vypracovanie konkurenčného privatizačného projektu. 
520 |a Súhrnný prehľad o spôsobe nadobudnutia majetku a záväzkoch podniku. Závery z ocenenia majetku. Závery k budúcemu usporiadaniu podniku. Časový plán uskutočnenia privatizačného projektu. Záverečné protokoly a formuláre. 
610 2 0 |a privatizácia 
610 2 0 |a podnik štátny 
610 2 0 |a ČSFR 
610 2 0 |a projekty